ბათუმის შოთა რუსთაველის სახელმწიფო უნივერსიტეტის ბიბლიოთეკა

მოთამაშე (ბიბ.ჩანაწერი № 50063)

000 -LEADER
fixed length control field 00770nam a2200229Ia 4500
001 - CONTROL NUMBER
control field 17001
003 - CONTROL NUMBER IDENTIFIER
control field GE_BSU
008 - FIXED-LENGTH DATA ELEMENTS--GENERAL INFORMATION
fixed length control field 181216s||||||||xx |||||||||||||| ||und||
040 ## - CATALOGING SOURCE
Transcribing agency GE_BSU
080 ## - UNIVERSAL DECIMAL CLASSIFICATION NUMBER
Universal Decimal Classification number 821.161.1-32
100 ## - MAIN ENTRY--PERSONAL NAME
Personal name დოსტოევსკი, თ.მ. (1821-1881)
245 ## - TITLE STATEMENT
Title მოთამაშე
245 ## - TITLE STATEMENT
Remainder of title რომანი, მოთხრობები
245 ## - TITLE STATEMENT
Statement of responsibility, etc. თარგმნა რ. ქებულაძემ და პ. წერეთელმა
260 ## - PUBLICATION, DISTRIBUTION, ETC.
Place of publication, distribution, etc. თბილისი
260 ## - PUBLICATION, DISTRIBUTION, ETC.
Name of publisher, distributor, etc. საბჭ. საქართველო
260 ## - PUBLICATION, DISTRIBUTION, ETC.
Date of publication, distribution, etc. 1984
300 ## - PHYSICAL DESCRIPTION
Extent 304გვ. ; 21სმ
653 ## - INDEX TERM--UNCONTROLLED
Uncontrolled term მოთამაშე
653 ## - INDEX TERM--UNCONTROLLED
Uncontrolled term რომანი, მოთხრობები
942 ## - ADDED ENTRY ELEMENTS (KOHA)
Koha item type წიგნი
ეგზემპლარები
Withdrawn status Lost status Damaged status Not for loan Date acquired Barcode Date last seen Price effective from Koha item type
        2018-12-17 21838 2018-12-17 2018-12-17 წიგნი